00291nam a2200121Ia 45000030006000000080041000060400015000471000021000622450041000832600016001245460012001400050017001520STCL150530s9999 xx 000 0 und d aSTCLcSTCL aRama Sarma, M.V. aThings unattempted a study of Milton bVikasc1982 aEnglish20220125170830.0